[Event "Dos Hermanas"]
[Site "Dos Hermanas"]
[Date "1997.04.11"]
[Round "9"]
[White "Shirov, Alexei"]
[Black "Short, Nigel D"]
[Result "1-0"]
[WhiteElo "2690"]
[BlackElo "2690"]
[Annotator "Wedberg,T"]
[PlyCount "99"]
[EventDate "1997.04.01"]
[EventType "tourn"]
[EventRounds "9"]
[EventCountry "ESP"]
[EventCategory "19"]
[SourceTitle "CBM 059"]
[Source "ChessBase"]
[SourceDate "1997.08.01"]
[SourceVersion "1"]
[SourceVersionDate "1997.08.01"]
[SourceQuality "1"]

{Shirov tries a new idea in the opening, but still needs a blunder from Short
to win.} 1. e4 {Hecht} e5 2. Nf3 Nc6 3. Bb5 Nf6 4. O-O Be7 5. Re1 d6 6. c3 O-O
7. d3 a6 8. Ba4 Nd7 9. d4 Bf6 10. Bc2 Nb6 11. h3 Bd7 12. b3 $146 {An
interesting decision. Shirov allows the exchange of his white squared B for a
N. Interestingly he allows the same trade in the game Shirov-Piket, Madrid
1997.} (12. Na3 {The N is not well placed here} Ne7 13. Be3 Ng6 14. Qd2 Qe7 15.
Rad1 Rad8 16. Qc1 h6 $13 {0-1 Nunn,J-Morozevich,A/Amsterdam Donner 1995/CBM 49
(41)}) 12... exd4 13. cxd4 Nb4 14. Nc3 Nxc2 15. Qxc2 {White has gotten a nice
center as compenastion.} c6 16. Ba3 Be7 17. Rad1 Re8 18. d5 cxd5 19. exd5 Rc8
20. Qd3 h6 {Black is a little cramped, but should be OK.} 21. Ne4 Bf5 22. Qd4
Bf8 23. Ng3 Rxe1+ 24. Rxe1 Bh7 25. Nh5 Nd7 $2 (25... Rc2 $5 26. Ra1 $11 (26.
Bb2 Nxd5 (26... f6 $6 27. Nf4 {><e6}) 27. Nxg7 (27. Qxd5 Rxb2 $17) 27... Rxb2
28. Nh5 Rxa2 29. Qxd5 Bg6 30. Nf4 Qb6 31. Re3 Qc5 $17)) 26. Bxd6 $1 $16 Qb6 (
26... Bxd6 $4 27. Qxg7#) 27. Bxf8 Qxd4 28. Nxd4 Kxf8 29. d6 Rd8 30. Re7 Nc5 31.
b4 Ne4 32. Nxg7 $1 Nxd6 (32... Rxd6 33. Ndf5 Rd1+ 34. Kh2 Nd6 35. Rd7 (35. Re5
Nxf5 36. Nxf5 Rd2 $132) 35... Nxf5 36. Rxd1 Kxg7 37. Rd7 b5 38. Ra7 $14) 33.
Rc7 Bb1 34. a3 Ne8 35. Nxe8 Kxe8 {Hecht; schlechte schwarze K-Position bei
schlechter Bauernstruktur; Beweglicher Springer} 36. Ne2 Be4 37. Ng3 Bc6 38.
Nf5 Rd1+ 39. Kh2 Rd2 40. Kg3 Rd3+ 41. f3 Rxa3 42. Nxh6 Bd5 43. Nf5 b5 44. h4
Kd8 45. Ra7 a5 46. h5 Be4 47. Kf4 axb4 48. h6 Bxf5 49. Kxf5 Rxa7 50. h7 1-0

[Event "St Petersburg-ch"]
[Site "St Petersburg"]
[Date "2002.04.20"]
[Round "5"]
[White "Yemelin, Vasily"]
[Black "Klimov, Sergey"]
[Result "1-0"]
[WhiteElo "2522"]
[BlackElo "2433"]
[Annotator "Wedberg,T"]
[PlyCount "69"]
[EventDate "2002.04.16"]
[EventType "tourn"]
[EventRounds "9"]
[EventCountry "RUS"]
[EventCategory "9"]
[SourceTitle "CBM 089"]
[Source "ChessBase"]
[SourceDate "2002.08.12"]
[SourceVersion "1"]
[SourceVersionDate "2002.08.12"]
[SourceQuality "1"]

1. e4 e5 2. Nf3 Nc6 3. Bb5 a6 4. Ba4 Nf6 5. O-O Be7 6. d3 b5 7. Bb3 d6 8. a4
Bb7 9. Nc3 Na5 10. Ba2 b4 11. Ne2 c5 (11... O-O 12. c3 bxc3 13. bxc3 d5 14.
Nxe5 dxe4 15. d4 c5 16. Ng3 cxd4 17. cxd4 Bd5 18. Nf5 Re8 19. Bg5 $36 {1-0
Dvoirys,S-Polovodin,I/St. Petersburg 1998/CBM 67 ext (61)}) 12. Ng3 O-O 13. Nf5
(13. Bd2 Rb8 14. Nf5 Bc8 15. N3h4 Be6 16. Qf3 Ne8 17. Nxe7+ Qxe7 18. Nf5 Qd7
19. Qg4 Kh8 20. f4 $40 {1-0 Topalov,V-Beliavsky,A/Batumi 1999/CBM 74/[Wedberg]
(42)}) 13... Bc8 14. N3h4 Ne8 15. Nxe7+ Qxe7 16. Bd5 Rb8 17. Nf5 $5 {[%mdl 8]}
(17. Qh5 Be6 18. Nf5 Qd7 19. Bg5 f6 20. Bxe6+ Qxe6 $11 {1-0 Jedryczka,
K-Nurkiewicz,M/Czestochowa 1998/EXT 2000 (38)}) 17... Bxf5 (17... Qf6 18. f4
exf4 19. Rxf4 Bxf5 20. Rxf5 Qd4+ 21. Kh1 $16 {and now} Nf6 $2 22. c3 $1 bxc3
23. bxc3 Qxc3 24. Bd2 $18) 18. exf5 Nc7 19. Bf3 d5 20. g4 $1 $40 {[%cal Yg4g5]
The logical continuation. White needs to prove that he can create something
with this P-formation.} Qh4 (20... Nc6 21. c3) 21. Bg2 g5 {Black tries to
block the white P:s at any cost, but in the process white gets to open the
position for his B:s.} 22. fxg6 fxg6 23. f4 $1 Nc6 24. Be3 Qe7 25. Qd2 d4 26.
Bf2 Qd7 27. Bg3 Nd5 28. fxe5 Ne3 29. Rf6 $16 Rxf6 30. exf6 Re8 31. Re1 (31. h3
$14) 31... Ne5 32. h3 Qxa4 33. b3 Qd7 34. Ra1 Qe6 35. Qf2 {Black must have
lost on time here. A pity in such an interesting position.} (35. Qf2 Nf7 $13 (
35... Nxg2 36. Bxe5 Ne3 37. Rxa6 $16)) 1-0

[Event "USA-ch sf1"]
[Site "Chandler"]
[Date "1997.09.03"]
[Round "1"]
[White "Benjamin, Joel"]
[Black "Kaidanov, Gregory S"]
[Result "1-0"]
[WhiteElo "2580"]
[BlackElo "2600"]
[Annotator "Wedberg,T"]
[PlyCount "123"]
[EventDate "1997.08.??"]
[EventType "match"]
[EventRounds "3"]
[EventCountry "USA"]
[SourceTitle "CBM 061"]
[Source "ChessBase"]
[SourceDate "1997.11.23"]
[SourceVersion "1"]
[SourceVersionDate "1997.11.23"]
[SourceQuality "1"]

{Kaidanov plays a strong and logical novelty in a slightly obscure line. But
he fails to follow it up in the most aggressive manner. In the equal, but not
uninteresting ending, he blunders big time.} 1. e4 {Benjamin} e5 2. Nf3 Nc6 3.
Bb5 a6 4. Ba4 Nf6 5. Nc3 b5 6. Bb3 Be7 7. d3 d6 8. Nd5 Na5 9. Nxe7 Qxe7 10. O-O
O-O 11. Bg5 (11. Bd2 Nxb3 12. axb3 Re8 13. Bg5 {1/2-1/2 Spassky,B-Short,N/
Thessaloniki olm 1988/TD 88\06}) 11... h6 12. Bh4 g5 $1 $146 {This is always 
(almost at least) good in positions like this, compare with the 4 N:s or the
Arkhangelsk , given that the sacrifice on g5 isn't giving White a winning
attack.} (12... Bb7 13. Nd2 Rae8 14. Bxf6 Qxf6 15. Bd5 Bxd5 16. exd5 c5 $11 {
1/2-1/2 Spassky,B-Short,N/Linares 1990/CBM 17 (28)}) 13. Bg3 (13. Nxg5 hxg5 14.
Bxg5 Nxb3 15. axb3 {White has some chances on the kingside and two P:s for the
piece, but Black must be better here} Qe6 $17) 13... Bg4 (13... Nh5 $5 {
This looks like the logical follow up to g5} 14. d4 (14. Nxe5 $2 Nxg3 15. Ng6
Qf6 16. Nxf8 Nxf1 $19) (14. Nd2 Nf4 15. Bxf4 gxf4 16. Qh5 Qg5 17. Qxg5+ hxg5
$15) 14... exd4 15. Qxd4 Nxg3 16. fxg3 c5 17. Qd2 Nxb3 18. axb3 Bb7 $15) 14. h3
Bh5 15. Qe2 Kg7 16. Qe3 Nd7 17. Nd2 Nb6 18. c3 Nxb3 19. axb3 a5 $11 (19... f5
20. exf5 Rxf5 21. d4 $1 $14 (21. f4 $6 Nd5 22. Qe4 exf4 23. Qxf5 Ne3 24. Qe4
Qxe4 25. Nxe4 Nxf1 26. Rxf1 fxg3 27. Nxg3 Bg6 $15)) 20. d4 f6 21. Qd3 c6 22. f3
Bf7 23. Rfd1 Rfb8 24. Bf2 Be6 25. b4 a4 (25... Nc4 26. Nxc4 Bxc4 27. Qd2 $11)
26. Qe2 Qc7 27. Be3 Nc4 28. Nxc4 Bxc4 29. Qf2 Qe7 30. Rd2 Bb3 31. h4 Rg8 32.
dxe5 fxe5 (32... dxe5 33. Bc5 Qc7 34. Rd6 Rad8 $13) 33. hxg5 hxg5 34. Qg3 Kf7
35. Kf2 Rg7 36. Rh1 Qf6 37. Rh5 Rag8 38. Bb6 Ke8 39. Kg1 Qf4 (39... g4 40. Rf5
Qh6 41. f4 Rh8 42. Kf2 exf4 43. Rxf4 Rf7 44. Be3 $13) 40. Qxf4 gxf4 41. g4 $1
d5 $2 (41... Rb7 $8 42. Bf2 Rg6 $11) (41... fxg3 $2 42. Rxd6 $36 (42. Rxd6 {
Benjamin} Rg5 43. Rd8+ Kf7 44. Rxg8 Rxh5 (44... Rxg8 45. Rxe5) 45. Rxg3)) (
41... Rg6 $2 42. Bc7 $16) (41... Kd7 {Benjamin} 42. Bc5 Rg6 43. Bxd6 (43. Rh7+)
43... Rxd6 44. Rh7+ $18) 42. Rxe5+ $18 Re7 43. Rxe7+ Kxe7 44. Rd4 $1 {
Unfortunately the f-P is lost as well.} Kd7 45. e5 Rf8 46. e6+ Kxe6 47. Bc7 Re8
48. Bxf4 Kf6 49. Kf2 Rh8 50. Rd2 Rh1 51. Be3 d4 52. Bxd4+ Kg6 53. Kg3 Bd5 54.
f4 Re1 55. Rh2 Rd1 56. f5+ Kf7 57. g5 Rf1 58. Rf2 Rg1+ 59. Kf4 Re1 60. g6+ Ke7
61. f6+ Ke6 62. f7 1-0

[Event "POL-ch 59th"]
[Site "Warsaw"]
[Date "2002.05.08"]
[Round "9"]
[White "Tomczak, Rafal"]
[Black "Socko, Bartosz"]
[Result "1-0"]
[WhiteElo "2384"]
[BlackElo "2564"]
[Annotator "Wedberg,T"]
[PlyCount "83"]
[EventDate "2002.04.29"]
[EventType "tourn"]
[EventRounds "13"]
[EventCountry "POL"]
[EventCategory "10"]
[SourceTitle "CBM 089"]
[Source "ChessBase"]
[SourceDate "2002.08.12"]
[SourceVersion "1"]
[SourceVersionDate "2002.08.12"]
[SourceQuality "1"]

1. e4 e5 2. Nf3 Nc6 3. Bb5 a6 4. Ba4 Nf6 5. d4 exd4 6. O-O Be7 7. e5 {Perhaps
not the most ambitious line for White.} (7. Re1 {is the main alternative.})
7... Ne4 8. Nxd4 O-O {This move is considered to give Black the best chances
to fight for more than a draw.} ({The seemingly natural} 8... Nc5 {is
considered inexact, but it all depends on the following sequence} 9. Nf5 $5 (9.
Bxc6 dxc6 $11) 9... O-O (9... Nxa4 $2 10. Nxg7+ Kf8 11. Bh6 Kg8 12. Qg4 Nxe5
13. Qxa4 $16) 10. Qg4 g6 11. Nxe7+ Qxe7 12. Bxc6 dxc6 13. Qg3 {and White is
better according to some sources, but Black looks at least OK after} Re8 $132)
(8... Nxd4 {is good for a draw.} 9. Qxd4 Nc5 10. Nc3 O-O 11. Nd5 (11. Bg5 Bxg5
12. Qxc5 Be7 13. Qe3 d5 $11) 11... d6 12. Nxe7+ Qxe7 13. exd6 Qxd6 14. Qxd6
cxd6 15. Bb3 Nxb3 16. axb3 Bf5 $11) 9. Nf5 d5 10. Bxc6 bxc6 11. Nxe7+ Qxe7 12.
Re1 Rb8 $6 {Not a very precise move since White normally plays b3 anyway in
this line.} (12... Re8 {is more useful:} 13. f3 Nd6 $1 {this is the point} 14.
b3 f6 15. Bb2 Nf7 16. f4 fxe5 17. fxe5 Bf5 18. Nd2 Rad8 $13 {1/2-1/2 Leskovar,
M-Korneev,O/Malaga 2001/EXT 2002 (64)}) (12... Bf5 13. f3 Nc5 14. b3 Ne6 15.
Ba3 c5 16. Nc3 (16. Qxd5 Rfd8 17. Qc4 Rd4 $36) 16... c6 17. Qd2 Rfd8 18. Na4
Qa7 $13 {1/2-1/2 Vujakovic,B-Karpov,A/Sochi 1968/EXT 99 (26)}) 13. f3 Nc5 14.
b3 Ne6 15. Ba3 c5 16. Nc3 (16. Qxd5 $5 {look's better here than in the
previous comment.}) 16... Rd8 17. Qd2 Bb7 18. Rad1 Kh8 19. Qf2 Bc6 20. f4 f5
21. exf6 Qxf6 22. Bxc5 d4 23. Rxe6 $1 Qxe6 24. Bxd4 Qf5 25. Re1 Re8 26. Be5 $16
{White has a strong position and Black is without counterplay.} Ba8 27. Re3 Re6
28. Ne2 Re7 29. Ng3 Qf8 30. f5 Rbe8 31. Qf4 Kg8 32. Nh5 $40 Qf7 33. f6 Qd5 34.
Qg4 Qe6 35. Qe2 $18 Qxe5 36. fxe7 Qd4 37. c3 Qc5 38. Kh1 Qf5 39. h3 g6 40. Qc4+
Kh8 41. Qd4+ Kg8 42. Qg7# 1-0

[Event "Lvov Vasylyshyn Memorial-A 14th"]
[Site "Lvov"]
[Date "2017.12.02"]
[Round "4"]
[White "Skawinski, Arkadiusz"]
[Black "Zakhartsov, Viacheslav V"]
[Result "0-1"]
[WhiteElo "2432"]
[BlackElo "2543"]
[Annotator "Zakhartsov,Vi"]
[PlyCount "96"]
[EventDate "2017.11.29"]
[EventType "tourn"]
[EventRounds "9"]
[EventCountry "UKR"]
[EventCategory "7"]
[SourceTitle "CBM 182"]
[Source "ChessBase"]
[SourceDate "2018.01.17"]
[SourceVersion "1"]
[SourceVersionDate "2018.01.17"]
[SourceQuality "1"]

1. e4 e5 {I decided to change from my habitual 1...c5 for several reasons.} 2.
Nf3 Nc6 3. Bb5 a6 4. Ba4 Nf6 5. O-O Be7 6. d3 {Quite logically trying to avoid
main lines in order not to face a surprise.} b5 7. Bb3 Bb7 8. Nc3 O-O 9. Nd5 {
After this move Black has absolutely no problems. Other attempts:} (9. a3 Nd4 {
!?} (9... d6) 10. Nxe5 (10. Nxd4 exd4 11. Nd5 Nxd5 12. exd5 c5 13. dxc6 dxc6
14. Re1 c5 {Vachier Lagrave-Carlsen, Paris (rapid) 2016, with excellent play
for Black.}) 10... Nxb3 11. cxb3 d5) (9. a4 Nd4 {!?} (9... b4 10. Nd5 Na5 11.
Nxe7+ Qxe7 12. Ba2 d5 13. exd5 Bxd5 {with equality}) 10. axb5 Nxb3 11. cxb3
axb5 12. Rxa8 Qxa8 13. Nxe5 b4 14. Ne2 d5) 9... Na5 10. Nxe7+ Qxe7 11. Bg5 h6
12. Bh4 Nxb3 13. axb3 d6 14. Qd2 Qe6 15. Bxf6 {Otherwise Black is ready to
play ...Nd7 and push ...f5.} Qxf6 16. c4 Qe7 17. g3 $1 {Preparing to face ...
f5 by means of the move Nh4.} bxc4 {Going to sacrifice an exchange.} ({The
computer approves} 17... Rfb8 18. Nh4 Bc8 19. f4 bxc4 20. bxc4 Bh3 21. Rf2 exf4
22. Qxf4 Rb3 {and Black is completely OK.}) (17... f5 18. Nh4 fxe4 19. Ng6 Qe6
20. Nxf8 Rxf8 21. dxe4 Bxe4 22. f4 bxc4 (22... exf4 23. Rxf4 Rxf4 24. Qxf4 {
and compared to the game} bxc4 {is not good:} 25. Re1 d5 26. bxc4) 23. fxe5
Rxf1+ 24. Rxf1 cxb3 25. exd6 cxd6 26. Rc1 d5 {was quite possible.}) 18. bxc4 f5
19. Nh4 fxe4 20. Ng6 Qe6 21. Nxf8 Rxf8 22. dxe4 (22. Ra3 {!?} exd3 23. Qxd3 Bf3
{looks scary, but after} 24. Re1 {Black does not have immediate mating threats
and White keeps a minimal material edge.}) 22... Bxe4 23. f4 (23. Rxa6 Bf3 24.
Ra3 Qh3 (24... Kh8 25. Rfa1 Qh3 26. Rxf3 Rxf3 27. Ra8+ Kh7 28. Qc2+ Qf5 29.
Qxf5+ Rxf5 {with an equal endgame}) 25. Rxf3 Rxf3 26. Qd5+ Rf7 {is equal.})
23... exf4 24. Rxf4 Rxf4 25. Qxf4 Qxc4 {Now with 2 pawns for the exchange
Black is fine.} 26. Rc1 Qd4+ 27. Qf2 Qd3 28. Re1 ({After} 28. Rxc7 {Black may
choose either} Qd1+ (28... Qb1+ 29. Qf1 Qxb2 30. Re7 d5 {with slightly better
chances}) 29. Qf1 Qd4+ 30. Qf2 Qd1+ {with repetition.}) 28... d5 29. Qe3 Qc2
30. Re2 $2 (30. Qf2 {was necessary.}) 30... Qd1+ $2 (30... Qb1+ $1) 31. Re1 Qc2
32. Re2 $2 (32. Qf2 $142) 32... Qb1+ {Now White is forced to give up the
b2-pawn.} 33. Kf2 Bd3 34. Qe8+ Kh7 35. Re7 (35. Rd2 $4 Qf1+ 36. Ke3 Qe1+ $19)
35... Qxb2+ 36. Ke3 Qc3 {Black is winning.} 37. Qf8 c5 38. Kf2 Qd2+ 39. Kg1
Qd1+ 40. Kg2 Be4+ 41. Kf2 Qd2+ 42. Kf1 Qg2+ 43. Ke1 Qg1+ 44. Qf1 Qxh2 45. Qf2
Qh1+ 46. Kd2 Qb1 47. Qf4 Qb2+ 48. Kd1 c4 0-1